|
|
|
|
| LEADER |
01677nam a22004332i 4500 |
| 001 |
001593425 |
| 003 |
CZ BrMZK |
| 005 |
20171218134431.0 |
| 007 |
ta |
| 008 |
170906s1970 xr erc||||||||||cze d |
| 015 |
|
|
|a cnb000429429
|
| 035 |
|
|
|a (OCoLC)42162059
|
| 040 |
|
|
|a ABA001
|b cze
|c ABA001
|d ABA001
|d BOA001
|e rda
|
| 043 |
|
|
|a e-xr---
|b e-xr-cc
|2 czenas
|
| 045 |
|
|
|a x-x-
|
| 072 |
|
7 |
|a 72/76
|x Výtvarné umění
|2 Konspekt
|9 21
|
| 080 |
|
|
|a 72/76(437.3)
|2 MRF
|
| 080 |
|
|
|a 7.036/.038
|2 MRF
|
| 080 |
|
|
|a (437.31-191.2)
|2 MRF
|
| 080 |
|
|
|a (437.31-16)
|2 MRF
|
| 080 |
|
|
|a (083.824)
|2 MRF
|
| 245 |
0 |
0 |
|a Výtvarní umělci Podřipska a Středohoří k 25. výročí osvobození :
|b Galerie výtvarného umění v Litoměřicích červen-září 1970 [a] Galerie výtvarného umění v Roudnici nad Labem září-říjen 1970 /
|c text: Otakar Votoček
|
| 264 |
|
1 |
|a Litoměřice :
|b Galerie výtvarného umění,
|c 1970
|
| 300 |
|
|
|a 11 stran ;
|c 8°
|
| 336 |
|
|
|a text
|b txt
|2 rdacontent
|
| 337 |
|
|
|a bez média
|b n
|2 rdamedia
|
| 338 |
|
|
|a svazek
|b nc
|2 rdacarrier
|
| 500 |
|
|
|a Katalog výstavy
|
| 648 |
|
7 |
|a 20. století
|7 ch460558
|2 czenas
|
| 650 |
0 |
7 |
|a české výtvarné umění
|7 ph116865
|y 20. století
|2 czenas
|
| 650 |
0 |
7 |
|a moderní umění
|7 ph115340
|z Česko
|2 czenas
|
| 651 |
|
7 |
|a Podřipsko (Česko)
|7 ge138804
|2 czenas
|
| 651 |
|
7 |
|a České středohoří (Česko)
|7 ge131705
|2 czenas
|
| 655 |
|
7 |
|a katalogy výstav
|7 fd132536
|2 czenas
|
| 700 |
1 |
|
|a Votoček, Otakar,
|d 1921-1986
|7 jk01150810
|4 wfw
|
| 910 |
|
|
|a BOA001
|b X-0668.994
|
| 990 |
|
|
|a BK
|
| 991 |
|
|
|b 201709
|
| 996 |
6 |
|
|b 2618909136
|c X-0668.994
|l MZK
|r Sklad / do 24 hodin
|n 0
|w 001628757
|u 000010
|a 1
|e BOA001
|j MZK50
|s P
|